[Event "ChBLR2012m"]
[Site "?"]
[Date "2012.01.12"]
[Round "1.1"]
[White "Stupak, Kirill"]
[Black "Teterev, Vitaly"]
[Result "1/2-1/2"]
[WhiteElo "2515"]
[BlackElo "2538"]
[PlyCount "43"]
[EventDate "2012.01.13"]
[SourceDate "2012.01.13"]

1. d4 Nf6 2. g3 g6 3. Bg2 d5 4. Nf3 Bg7 5. O-O O-O 6. c4 c6 7. b3 Bf5 8. Bb2 a5
9. Nbd2 Na6 10. Rc1 Re8 11. a3 Ne4 12. cxd5 cxd5 13. Ne5 Nf6 14. Nb1 Bxb1 15.
Rxb1 e6 16. Qd3 Qb6 17. Rfc1 Rac8 18. Rc2 Rxc2 19. Qxc2 Re7 20. e3 Rc7 21. Bc3
Qa7 22. Qd3 1/2-1/2

[Event "ChBLR2012m"]
[Site "?"]
[Date "2012.01.12"]
[Round "1.2"]
[White "Lomako, Pavel"]
[Black "Grib, Roman"]
[Result "1/2-1/2"]
[WhiteElo "2385"]
[BlackElo "2303"]
[PlyCount "27"]
[EventDate "2012.01.13"]
[SourceDate "2012.01.13"]

1. d4 Nf6 2. Nf3 e6 3. Bg5 h6 4. Bh4 Be7 5. e3 O-O 6. Be2 b6 7. O-O Bb7 8. c4
c5 9. Nc3 d6 10. dxc5 dxc5 11. Qc2 Nc6 12. Rad1 Qc8 13. Rd2 Rd8 14. Rfd1
1/2-1/2

[Event "ChBLR2012m"]
[Site "?"]
[Date "2012.01.12"]
[Round "1.3"]
[White "Kovalev, Vladislav"]
[Black "Fedorov, Alexei"]
[Result "1-0"]
[WhiteElo "2453"]
[BlackElo "2579"]
[PlyCount "81"]
[EventDate "2012.01.13"]
[SourceDate "2012.01.13"]

1. d4 Nf6 2. c4 g6 3. Nc3 Bg7 4. e4 d6 5. Nf3 O-O 6. Be2 c5 7. O-O Nc6 8. d5
Na5 9. Rb1 e5 10. a3 b6 11. b4 Nb7 12. Ne1 Nd7 13. Nd3 f5 14. f3 f4 15. bxc5
bxc5 16. Bd2 Nb6 17. Nb2 h5 18. Nba4 Nd7 19. Qc2 g5 20. Nd1 Qe7 21. Nf2 Nd8 22.
Qc3 Nf6 23. Qa5 Bd7 24. h3 Bh6 25. Rb2 Qg7 26. Rfb1 g4 27. hxg4 hxg4 28. Rb8
gxf3 29. Bxf3 Nf7 30. Rxa8 Rxa8 31. Nb6 Ng5 32. Rb3 Nxf3+ 33. Rxf3 Rf8 34. Qxa7
Kh8 35. Kf1 Rg8 36. Ke2 Qxg2 37. Nxd7 Nxe4 38. Nxe5 dxe5 39. Qe7 Ng3+ 40. Rxg3
fxg3 41. Qf6+ 1-0

[Event "ChBLR2012m"]
[Site "?"]
[Date "2012.01.12"]
[Round "1.4"]
[White "Gorovets, Andrey"]
[Black "Bulanov, Dmitri"]
[Result "0-1"]
[WhiteElo "2428"]
[BlackElo "2387"]
[PlyCount "114"]
[EventDate "2012.01.13"]
[SourceDate "2012.01.13"]

1. d4 Nf6 2. c4 g6 3. Nc3 d5 4. Nf3 Bg7 5. cxd5 Nxd5 6. Bd2 O-O 7. Rc1 Nc6 8.
e4 Nxc3 9. Bxc3 Bg4 10. d5 Ne5 11. Be2 Bxf3 12. Bxf3 c6 13. Bxe5 Bxe5 14. O-O
cxd5 15. Qxd5 Qxd5 16. exd5 Rac8 17. b3 Bd6 18. g3 Ba3 19. Rc4 Rxc4 20. bxc4
Rc8 21. Be2 b5 22. cxb5 Rc2 23. Bd3 Rxa2 24. Re1 Rd2 25. Bc4 Rd4 26. Bb3 Rb4
27. d6 exd6 28. Re3 Rxb5 29. Bc4 Rb1+ 30. Kg2 Bc5 31. Re7 d5 32. Rc7 Bb6 33.
Rc8+ Kg7 34. Bxd5 Rb2 35. h4 Rxf2+ 36. Kh3 Rd2 37. Be4 Re2 38. Rc4 h5 39. Bd5
Rd2 40. Bg2 Rd3 41. Be4 Re3 42. Bd5 Re7 43. Bf3 f5 44. Rc1 Bd4 45. Rc4 Be5 46.
Ra4 Rc7 47. Kg2 Bc3 48. Ra6 Bd4 49. Rc6 Rd7 50. Re6 Bb6 51. Re2 a5 52. Re6 Rd2+
53. Kh1 Bf2 54. Kg2 Bc5+ 55. Kh1 Bd6 56. g4 hxg4 57. h5 gxf3 0-1

[Event "ChBLR2012m"]
[Site "?"]
[Date "2012.01.12"]
[Round "1.5"]
[White "Zhigalko, Sergei"]
[Black "Zhigalko, Andrey"]
[Result "1/2-1/2"]
[WhiteElo "2658"]
[BlackElo "2576"]
[PlyCount "39"]
[EventDate "2012.01.13"]
[SourceDate "2012.01.13"]

1. e4 c6 2. d4 d5 3. e5 Bf5 4. Nf3 e6 5. Be2 Nd7 6. O-O Ne7 7. Nbd2 c5 8. c4
Rc8 9. dxc5 Nxc5 10. Nb3 dxc4 11. Qxd8+ Kxd8 12. Bxc4 Nd7 13. Na5 Rc7 14. Be2
Be4 15. Nc4 Bxf3 16. gxf3 Nd5 17. Rd1 Bc5 18. f4 Ke7 19. f5 h6 20. Kg2 1/2-1/2

[Event "ChBLR2012m"]
[Site "?"]
[Date "2012.01.12"]
[Round "1.6"]
[White "Zhuk, S."]
[Black "Kocheev, Alexandr"]
[Result "1/2-1/2"]
[WhiteElo "2341"]
[BlackElo "2353"]
[PlyCount "90"]
[EventDate "2012.01.13"]
[SourceDate "2012.01.13"]

1. c4 Nf6 2. Nc3 d5 3. cxd5 Nxd5 4. Nf3 g6 5. Qa4+ Nc6 6. Ne5 Nxc3 7. dxc3 Bd7
8. Nxd7 Qxd7 9. e4 Ne5 10. Qxd7+ Nxd7 11. Be3 e5 12. Rd1 Bd6 13. Bb5 a6 14. Ba4
Ke7 15. O-O Rad8 16. b4 Nf8 17. g3 Ne6 18. Bb3 a5 19. a3 Ra8 20. Rd3 axb4 21.
axb4 Ra3 22. Bc4 f6 23. Rfd1 Rha8 24. Bd5 Nd8 25. Kg2 Ra1 26. R1d2 R8a3 27. Bg8
Kf8 28. Bc4 Nc6 29. Rc2 Ke7 30. Bc1 Ra8 31. Be3 Nd8 32. Rcd2 Ne6 33. b5 R8a4
34. Bd5 b6 35. Bxb6 Rb1 36. Bc6 f5 37. f3 Rc1 38. Bd5 Ra3 39. Bf2 Rcxc3 40.
Rxc3 Rxc3 41. b6 cxb6 42. Bxb6 Ng5 43. Ra2 Ra3 44. Rxa3 Bxa3 45. Be3 Ne6
1/2-1/2

[Event "ChBLR2012m"]
[Site "?"]
[Date "2012.01.13"]
[Round "2.1"]
[White "Stupak, Kirill"]
[Black "Lomako, Pavel"]
[Result "1/2-1/2"]
[WhiteElo "2515"]
[BlackElo "2385"]
[PlyCount "35"]
[EventDate "2012.01.13"]
[SourceDate "2012.01.13"]

1. Nf3 Nf6 2. c4 e6 3. g3 b6 4. Bg2 Bb7 5. O-O Be7 6. d4 O-O 7. d5 exd5 8. Nh4
c6 9. cxd5 Nxd5 10. Nf5 Nc7 11. e4 d5 12. Nc3 Bf6 13. exd5 Nxd5 14. Nxd5 cxd5
15. Bf4 Nd7 16. Nd6 Ba6 17. Re1 Bxb2 18. Rb1 1/2-1/2

[Event "ChBLR2012m"]
[Site "?"]
[Date "2012.01.13"]
[Round "2.2"]
[White "Bulanov, Dmitri"]
[Black "Zhigalko, Sergei"]
[Result "0-1"]
[WhiteElo "2387"]
[BlackElo "2658"]
[PlyCount "48"]
[EventDate "2012.01.13"]
[SourceDate "2012.01.13"]

1. e4 c5 2. Nf3 d6 3. d4 cxd4 4. Nxd4 Nf6 5. Nc3 a6 6. Be3 e6 7. g4 e5 8. Nf5
g6 9. g5 gxf5 10. exf5 d5 11. gxf6 d4 12. Bc4 Bxf5 13. Qf3 Qc8 14. O-O-O dxc3
15. Rhe1 cxb2+ 16. Kb1 Bxc2+ 17. Kxc2 Qxc4+ 18. Kb1 Nc6 19. Bf4 Bb4 20. Re4 Qe6
21. Bxe5 Nxe5 22. Qf4 Bc3 23. Rd3 Rg8 24. Rxc3 Rg4 0-1

[Event "ChBLR2012m"]
[Site "?"]
[Date "2012.01.12"]
[Round "2.3"]
[White "Teterev, Vitaly"]
[Black "Kocheev, Alexandr"]
[Result "0-1"]
[WhiteElo "2253"]
[BlackElo "2353"]
[PlyCount "108"]
[EventDate "2012.01.13"]
[SourceDate "2012.01.13"]

1. Nf3 Nf6 2. g3 d5 3. Bg2 c6 4. c4 Bf5 5. cxd5 cxd5 6. Qb3 Qc8 7. Nc3 e6 8. d3
Be7 9. Bf4 Nc6 10. O-O O-O 11. Rac1 Qd7 12. e4 Bg6 13. exd5 exd5 14. Nb5 Na5
15. Qa4 Bxd3 16. Qxa5 Qxb5 17. Qxb5 Bxb5 18. Rfd1 Rac8 19. Bh3 Rcd8 20. Nd4 Bd7
21. Nf5 Bxf5 22. Bxf5 Bd6 23. Be3 b6 24. Rc2 h6 25. Bd4 Ne4 26. f3 Ng5 27. Kg2
Ne6 28. Bf2 g6 29. Bh3 Nc7 30. f4 f5 31. Kf1 Rd7 32. Bg2 Be7 33. Bd4 Bf6 34.
Rc6 Bxd4 35. Rxd4 Kf7 36. b4 Rfd8 37. Kf2 Ne6 38. Rd3 d4 39. Rc2 Rc7 40. Rxc7+
Nxc7 41. Ke2 Nb5 42. Rd2 Kf6 43. Kd3 Nc3 44. Kc4 b5+ 45. Kc5 d3 46. Kc6 Ne4 47.
Rd1 d2 48. Bf3 Nc3 49. Rf1 d1=Q 50. Bxd1 Rxd1 51. Rf3 Nxa2 52. Kxb5 Rb1 53. Ra3
Nxb4 54. Rxa7 Nd5+ 0-1

[Event "ChBLR2012m"]
[Site "?"]
[Date "2012.01.12"]
[Round "2.4"]
[White "Grib, Roman"]
[Black "Kovalev, Vladislav"]
[Result "1/2-1/2"]
[WhiteElo "2303"]
[BlackElo "2453"]
[PlyCount "71"]
[EventDate "2012.01.13"]
[SourceDate "2012.01.13"]

1. e4 e5 2. Nf3 Nc6 3. Bc4 Nf6 4. d3 Bc5 5. O-O O-O 6. Bb3 h6 7. c3 d6 8. Nbd2
a6 9. Nc4 Ba7 10. Ne3 Ne7 11. Re1 Ng6 12. Nf1 c6 13. Be3 Re8 14. Bxa7 Rxa7 15.
Ng3 b5 16. a4 Qb6 17. axb5 axb5 18. Rxa7 Qxa7 19. d4 Qc7 20. h3 c5 21. Nh2 Nf4
22. Nhf1 Bb7 23. d5 c4 24. Bc2 Ra8 25. Qd2 Bc8 26. Ne3 g6 27. Ne2 Nxe2+ 28.
Qxe2 Ra2 29. Bb1 Ra1 30. Nc2 Ra8 31. Nb4 Qc5 32. Bc2 Bd7 33. Qf1 Nh5 34. Ra1
Ra7 35. Rxa7 Qxa7 36. Kh2 1/2-1/2

[Event "ChBLR2012m"]
[Site "?"]
[Date "2012.01.13"]
[Round "2.5"]
[White "Zhigalko, Andrey"]
[Black "Zhuk, S."]
[Result "1/2-1/2"]
[WhiteElo "2576"]
[BlackElo "2341"]
[PlyCount "87"]
[EventDate "2012.01.13"]
[SourceDate "2012.01.13"]

1. d4 d5 2. c4 e6 3. Nc3 Be7 4. cxd5 exd5 5. Bf4 Nf6 6. e3 O-O 7. Bd3 c5 8. Nf3
Nc6 9. O-O Bg4 10. dxc5 Bxc5 11. h3 Bxf3 12. Qxf3 d4 13. Ne4 Be7 14. Rad1 Qa5
15. Bb1 Rfd8 16. a3 Rd7 17. b4 Qxa3 18. b5 Na5 19. Be5 Ne8 20. Rxd4 Rxd4 21.
Bxd4 Nb3 22. Be5 Rd8 23. Qe2 Nc5 24. Nxc5 Qxc5 25. Bd4 Qc7 26. Qh5 g6 27. Qf3
b6 28. Ba2 Bf8 29. Be5 Qe7 30. e4 Rd7 31. Bg3 Nd6 32. Bxd6 Qxd6 33. Bd5 Qe5 34.
Qg4 Rd8 35. f4 Qd4+ 36. Kh2 Be7 37. Rd1 Qe3 38. Ra1 Bd6 39. Rf1 Kg7 40. Rf3 Qc1
41. Qh4 Bc5 42. Qxd8 Qe1 43. h4 h5 44. e5 1/2-1/2

[Event "ChBLR2012m"]
[Site "?"]
[Date "2012.01.13"]
[Round "2.6"]
[White "Fedorov, Alexei"]
[Black "Gorovets, Andrey"]
[Result "1-0"]
[WhiteElo "2579"]
[BlackElo "2428"]
[PlyCount "141"]
[EventDate "2012.01.13"]
[SourceDate "2012.01.13"]

1. e4 e6 2. d4 d5 3. Nc3 Bb4 4. e5 c5 5. a3 Bxc3+ 6. bxc3 Ne7 7. h4 Qa5 8. Bd2
Nbc6 9. Nf3 Bd7 10. Rb1 Qc7 11. h5 h6 12. Be2 O-O-O 13. O-O c4 14. Nh2 Rdg8 15.
Ng4 Nf5 16. a4 Nce7 17. Ra1 a5 18. Qc1 Kb8 19. Qa3 Nc8 20. Ne3 Nfe7 21. Rfb1
Re8 22. Rb2 Ka8 23. Rab1 b6 24. f4 Qc6 25. Ra2 f5 26. Kf2 Ka7 27. Rh1 Rhf8 28.
Qc1 Qc7 29. Qa1 Nc6 30. Bc1 Rf7 31. Rg1 Rg8 32. Bf3 N6e7 33. Rh1 Bc6 34. Ba3
Qd7 35. g3 Bb7 36. Rb1 Ba6 37. Rbb2 Rd8 38. Qh1 Ng8 39. Ra1 Qe8 40. Ke2 Bb7 41.
Kd2 Rc7 42. g4 fxg4 43. Bxg4 Rf7 44. Rf1 Qxa4 45. Ra2 Qc6 46. Qh3 Re8 47. Raa1
Ka6 48. f5 exf5 49. Rxf5 Rc7 50. Bf3 Qe6 51. Bg4 Qc6 52. Raf1 Qa4 53. Bf8 Na7
54. Rf7 Ne7 55. Nf5 Nxf5 56. Rxc7 Nxd4 57. cxd4 Rxf8 58. Rxf8 Qb4+ 59. c3 Qxf8
60. Qf3 Qa3 61. Rxb7 Qb2+ 62. Ke1 Kxb7 63. Qxd5+ Kb8 64. Qg8+ Kb7 65. Bf3+ Ka6
66. Qxc4+ Qb5 67. Qc7 Qb1+ 68. Kf2 Qa2+ 69. Kg3 Qd2 70. Qc4+ Nb5 71. Qc8+ 1-0

[Event "ChBLR2012m"]
[Site "?"]
[Date "2012.01.14"]
[Round "3.1"]
[White "Zhuk, S."]
[Black "Bulanov, Dmitri"]
[Result "1/2-1/2"]
[WhiteElo "2341"]
[BlackElo "2387"]
[PlyCount "46"]
[EventDate "2012.01.13"]
[SourceDate "2012.01.13"]

1. c4 e5 2. Nc3 Nf6 3. Nf3 Nc6 4. d4 exd4 5. Nxd4 Bb4 6. Bg5 Bxc3+ 7. bxc3 h6
8. Bh4 d6 9. e3 O-O 10. Qc2 Ne5 11. Be2 Ng6 12. Bg3 Re8 13. O-O Ne4 14. Rfd1
Qe7 15. Rac1 Nxg3 16. hxg3 Ne5 17. Rb1 Nd7 18. Bf3 Nc5 19. Nb3 c6 20. Rd4 a5
21. Qd2 a4 22. Nxc5 dxc5 23. Re4 Be6 1/2-1/2

[Event "ChBLR2012m"]
[Site "?"]
[Date "2012.01.14"]
[Round "3.2"]
[White "Zhigalko, Sergei"]
[Black "Fedorov, Alexei"]
[Result "1/2-1/2"]
[WhiteElo "2658"]
[BlackElo "2579"]
[PlyCount "29"]
[EventDate "2012.01.13"]
[SourceDate "2012.01.13"]

1. e4 c5 2. c3 d6 3. d4 Nf6 4. Bd3 Qc7 5. Nf3 g6 6. O-O Bg7 7. h3 O-O 8. Re1
Nc6 9. d5 Nd8 10. Bf4 e5 11. dxe6 Nxe6 12. Bg3 Rd8 13. Na3 a6 14. Nc4 b5 15.
Ncd2 1/2-1/2

[Event "ChBLR2012m"]
[Site "?"]
[Date "2012.01.14"]
[Round "3.3"]
[White "Kovalev, Vladislav"]
[Black "Stupak, Kirill"]
[Result "1/2-1/2"]
[WhiteElo "2453"]
[BlackElo "2515"]
[PlyCount "41"]
[EventDate "2012.01.13"]
[SourceDate "2012.01.13"]

1. e4 e6 2. d4 d5 3. Nd2 c5 4. exd5 exd5 5. Ngf3 Nc6 6. Bb5 Bd6 7. dxc5 Bxc5 8.
Nb3 Bd6 9. Nbd4 Nge7 10. O-O O-O 11. Be3 Nxd4 12. Nxd4 Nf5 13. Nxf5 Bxf5 14.
Re1 Qc7 15. h3 Qxc2 16. Qxd5 Rfd8 17. Ba4 Bh2+ 18. Kh1 Rxd5 19. Bxc2 Bxc2 20.
Kxh2 Ba4 21. Rac1 1/2-1/2

[Event "ChBLR2012m"]
[Site "?"]
[Date "2012.01.14"]
[Round "3.6"]
[White "Kocheev, Alexandr"]
[Black "Zhigalko, Andrey"]
[Result "1/2-1/2"]
[WhiteElo "2353"]
[BlackElo "2576"]
[PlyCount "96"]
[EventDate "2012.01.13"]
[SourceDate "2012.01.13"]

1. e4 g6 2. d4 Bg7 3. Nc3 d6 4. Be3 a6 5. g3 b5 6. a3 Bb7 7. Bg2 Nd7 8. Nge2
Ngf6 9. h3 c5 10. O-O cxd4 11. Bxd4 e5 12. Be3 Nc5 13. Bg5 Ne6 14. Bxf6 Bxf6
15. Nd5 Bg7 16. Qd2 O-O 17. Rad1 a5 18. Ndc3 b4 19. axb4 axb4 20. Nd5 b3 21.
cxb3 Kh8 22. Rfe1 Ba6 23. b4 Rb8 24. Ne3 Bxe2 25. Rxe2 Nd4 26. Ree1 Bh6 27. Qc3
Bxe3 28. fxe3 Ne6 29. Qd2 Rb6 30. h4 Qe7 31. Rc1 Rfb8 32. Rc4 Ng7 33. Rec1 Ne8
34. Bh3 Kg7 35. R1c2 h5 36. Kh2 Nf6 37. Rc7 Qe8 38. R2c4 Qd8 39. Be6 R8b7 40.
Qc2 Ng4+ 41. Bxg4 Rxc7 42. Rxc7 hxg4 43. Rc4 d5 44. exd5 Qxd5 45. Qe2 e4 46.
Qc2 Re6 47. Qc3+ Rf6 48. Qd4 Qxd4 1/2-1/2

[Event "ChBLR2012m"]
[Site "?"]
[Date "2012.01.15"]
[Round "4.1"]
[White "Teterev, Vitaly"]
[Black "Zhigalko, Andrey"]
[Result "1/2-1/2"]
[WhiteElo "2538"]
[BlackElo "2576"]
[PlyCount "21"]
[EventDate "2012.01.13"]
[SourceDate "2012.01.13"]

1. Nf3 c5 2. g3 g6 3. Bg2 Bg7 4. c4 Nc6 5. Nc3 e6 6. O-O Nge7 7. e3 O-O 8. d4
cxd4 9. Nxd4 d5 10. cxd5 Nxd5 11. Nxd5 1/2-1/2

[Event "ChBLR2012m"]
[Site "?"]
[Date "2012.01.15"]
[Round "4.2"]
[White "Bulanov, Dmitri"]
[Black "Kocheev, Alexandr"]
[Result "1-0"]
[WhiteElo "2387"]
[BlackElo "2353"]
[PlyCount "45"]
[EventDate "2012.01.13"]
[SourceDate "2012.01.13"]

1. e4 e5 2. Nf3 Nc6 3. d4 exd4 4. Nxd4 Bc5 5. Nb3 Bb6 6. Nc3 Qf6 7. Qe2 Nge7 8.
Be3 O-O 9. O-O-O Re8 10. f4 d6 11. g3 Bxe3+ 12. Qxe3 a5 13. Bb5 Bd7 14. Rhe1
Rad8 15. Qf2 Qg6 16. Nd5 Bg4 17. Rd2 Rc8 18. f5 Qh6 19. Ne3 Qh5 20. h3 Qxh3 21.
Qf4 h5 22. Rg1 Ne5 23. Bf1 1-0

[Event "ChBLR2012m"]
[Site "?"]
[Date "2012.01.15"]
[Round "4.3"]
[White "Fedorov, Alexei"]
[Black "Zhuk, S."]
[Result "1-0"]
[WhiteElo "2579"]
[BlackElo "2341"]
[PlyCount "59"]
[EventDate "2012.01.13"]
[SourceDate "2012.01.13"]

1. e4 e5 2. Nf3 Nc6 3. Bb5 a6 4. Ba4 Nf6 5. O-O Be7 6. Re1 b5 7. Bb3 d6 8. c3
O-O 9. h3 Bb7 10. d4 Re8 11. Nbd2 Bf8 12. a3 h6 13. d5 Nb8 14. Nf1 c6 15. dxc6
Bxc6 16. Ng3 Nbd7 17. Bc2 Qc7 18. Nh2 Rad8 19. Ng4 d5 20. exd5 Nxd5 21. Qd3 e4
22. Rxe4 Nc5 23. Nxh6+ Kh8 24. Nxf7+ Kg8 25. Nh6+ Kh8 26. Rxe8 Nxd3 27. Rxd8
gxh6 28. Rxf8+ Kg7 29. Bxh6+ Kxh6 30. Bxd3 1-0

[Event "ChBLR2012m"]
[Site "?"]
[Date "2012.01.15"]
[Round "4.5"]
[White "Stupak, Kirill"]
[Black "Gorovets, Andrey"]
[Result "1-0"]
[WhiteElo "2515"]
[BlackElo "2428"]
[PlyCount "95"]
[EventDate "2012.01.13"]
[SourceDate "2012.01.13"]

1. d4 g6 2. e4 Bg7 3. Nc3 d6 4. Be3 a6 5. a4 b6 6. g3 Bb7 7. Bg2 Nd7 8. Nge2 c5
9. O-O Rc8 10. Nd5 e6 11. Ndc3 Qc7 12. d5 Ngf6 13. dxe6 fxe6 14. Nf4 Kf7 15.
Qe2 Rhe8 16. Rad1 Ne5 17. h4 Rcd8 18. h5 gxh5 19. Nxh5 Nxh5 20. Qxh5+ Kg8 21.
Bg5 Nc4 22. Bxd8 Rxd8 23. Qg4 Nxb2 24. Rb1 Nc4 25. Qxe6+ Qf7 26. Qxf7+ Kxf7 27.
Nd5 Bxd5 28. exd5 Nb2 29. Ra1 Re8 30. Bf3 Re7 31. Rfe1 Bc3 32. Bh5+ Kf6 33.
Rxe7 Kxe7 34. Ra3 Bd4 35. c3 Bf6 36. Be2 c4 37. Kf1 b5 38. axb5 axb5 39. Ke1
Na4 40. Kd2 Nb6 41. Ra5 Nxd5 42. Rxb5 Nxc3 43. Rb7+ Kf8 44. Bxc4 d5 45. Bb3 h6
46. f3 Be5 47. Kd3 h5 48. Rh7 1-0

[Event "ChBLR2012m"]
[Site "?"]
[Date "2012.01.15"]
[Round "4.6"]
[White "Lomako, Pavel"]
[Black "Kovalev, Vladislav"]
[Result "0-1"]
[WhiteElo "2385"]
[BlackElo "2453"]
[PlyCount "80"]
[EventDate "2012.01.13"]
[SourceDate "2012.01.13"]

1. d4 Nf6 2. Nf3 d5 3. c3 c5 4. e3 e6 5. Nbd2 Nc6 6. Bd3 Bd6 7. O-O O-O 8. dxc5
Bxc5 9. e4 Qc7 10. b4 Bb6 11. Bb2 Rd8 12. Qc2 h6 13. a3 Ng4 14. Rae1 Nce5 15.
Nxe5 Nxe5 16. Be2 d4 17. Qb3 d3 18. Bd1 a5 19. Kh1 axb4 20. cxb4 Bd4 21. f4
Bxb2 22. Qxb2 Nc4 23. Qc3 b5 24. a4 bxa4 25. Qxc4 Qxc4 26. Nxc4 d2 27. Re2 Ba6
28. Na3 Bxe2 29. Bxe2 Rac8 30. Kg1 Rc1 31. Rd1 Rd3 32. Nb1 Rxd1+ 33. Bxd1 Re3
34. Kf2 Re1 35. Nc3 Rxd1 36. Ke2 Rg1 37. b5 a3 38. b6 d1=Q+ 39. Nxd1 Rxd1 40.
Kxd1 a2 0-1

[Event "ChBLR2012m"]
[Site "?"]
[Date "2012.01.16"]
[Round "5.2"]
[White "Zhigalko, Sergei"]
[Black "Stupak, Kirill"]
[Result "1/2-1/2"]
[WhiteElo "2658"]
[BlackElo "2515"]
[PlyCount "105"]
[EventDate "2012.01.13"]
[SourceDate "2012.01.13"]

1. e4 e6 2. d4 d5 3. Nc3 dxe4 4. Nxe4 Nd7 5. Nf3 Ngf6 6. Nxf6+ Nxf6 7. g3 b6 8.
Bb5+ Bd7 9. a4 a6 10. Be2 Bc6 11. O-O Bd6 12. Ne5 Bxe5 13. dxe5 Qd5 14. Qxd5
Nxd5 15. a5 b5 16. Bd2 O-O-O 17. Rfd1 Rd7 18. f3 Ne7 19. Bb4 Rhd8 20. Bxe7 Rxe7
21. Kf2 Red7 22. Ke3 Bd5 23. b3 c5 24. f4 Kc7 25. g4 g6 26. h4 Bc6 27. Rxd7+
Rxd7 28. Bd3 Kd8 29. h5 Ke7 30. h6 Rd8 31. Rf1 Rg8 32. Rf2 Rd8 33. c3 Bb7 34.
b4 c4 35. Bc2 Bc6 36. Rf1 f6 37. exf6+ Kxf6 38. Rd1 Bd5 39. Be4 Ke7 40. Bxd5
exd5 41. Rf1 Kd6 42. f5 g5 43. Re1 Re8+ 44. Kd2 Rxe1 45. Kxe1 Ke5 46. Kd2 d4
47. cxd4+ Kf6 48. Ke3 Kf7 49. d5 Kf6 50. Ke4 Kf7 51. d6 Kf6 52. Kd4 Kf7 53. Kc3
1/2-1/2

[Event "ChBLR2012m"]
[Site "?"]
[Date "2012.01.16"]
[Round "5.3"]
[White "Gorovets, Andrey"]
[Black "Lomako, Pavel"]
[Result "1/2-1/2"]
[WhiteElo "2428"]
[BlackElo "2385"]
[PlyCount "157"]
[EventDate "2012.01.13"]
[SourceDate "2012.01.13"]

1. e4 c6 2. d4 d5 3. Nc3 g6 4. h3 dxe4 5. Nxe4 Bg7 6. Nf3 Nd7 7. Bd3 Ngf6 8.
Nxf6+ Nxf6 9. O-O O-O 10. Re1 b6 11. Qe2 e6 12. Bf4 Bb7 13. Rad1 Qc8 14. c3 c5
15. Be5 Rd8 16. dxc5 Qxc5 17. Ba6 Qc6 18. Bxb7 Qxb7 19. c4 Rac8 20. b3 Qa8 21.
Qb2 Rxd1 22. Rxd1 Rd8 23. Rd4 Ne8 24. Bxg7 Nxg7 25. Ne5 Nf5 26. Rd7 Rxd7 27.
Nxd7 Qd8 28. Nf6+ Kg7 29. Nh5+ Kh6 30. Nf6 Kg7 31. Ne4+ f6 32. Qa3 Qd7 33. c5
e5 34. Qb4 Qc6 35. Qc4 bxc5 36. Nxc5 Nd4 37. b4 h5 38. h4 Qc8 39. Qd5 Kh6 40.
Qf7 Qf5 41. Qf8+ Kh7 42. Qf7+ Kh6 43. Nd7 Ne2+ 44. Kf1 Ng3+ 45. Kg1 Ne2+ 46.
Kf1 Ng3+ 47. Kg1 Qb1+ 48. Kh2 Nf1+ 49. Kg1 Ne3+ 50. Kh2 Nf1+ 51. Kg1 Ne3+ 52.
Kh2 Ng4+ 53. Kg3 Qxb4 54. Qf8+ Qxf8 55. Nxf8 e4 56. f3 exf3 57. Kxf3 Ne5+ 58.
Ke4 Kg7 59. Ne6+ Kf7 60. Nd4 Ke8 61. g3 Kd7 62. Kd5 Ng4 63. Nc2 Nf2 64. Nd4 Nd1
65. Ne2 Ne3+ 66. Ke4 Nf5 67. Kd5 Ne3+ 68. Ke4 Nf1 69. Kd5 g5 70. Ke4 Ke6 71.
Nd4+ Kf7 72. hxg5 fxg5 73. Kf5 Nxg3+ 74. Kxg5 Ne4+ 75. Kxh5 Nc3 76. a4 Nxa4 77.
Nc6 a6 78. Nb4 Nc5 79. Nxa6 1/2-1/2

[Event "ChBLR2012m"]
[Site "?"]
[Date "2012.01.16"]
[Round "5.4"]
[White "Zhuck, Sergei"]
[Black "Grib, Roman"]
[Result "1/2-1/2"]
[WhiteElo "2341"]
[BlackElo "2303"]
[PlyCount "105"]
[EventDate "2012.01.13"]
[SourceDate "2012.01.13"]

1. d4 d6 2. e4 e5 3. Nf3 Nc6 4. Nc3 Bg4 5. Bb5 exd4 6. Qxd4 Nge7 7. Qd3 a6 8.
Ba4 b5 9. Bb3 Na5 10. Bg5 h6 11. Bh4 Qd7 12. O-O g5 13. Bg3 Bg7 14. Rad1 Nxb3
15. axb3 b4 16. Nd5 Nxd5 17. Qxd5 O-O 18. e5 Qb5 19. exd6 cxd6 20. Bxd6 Qxd5
21. Rxd5 Bxf3 22. gxf3 Rfc8 23. Rd2 a5 24. f4 Bxb2 25. fxg5 hxg5 26. f4 g4 27.
f5 Kh7 28. Kg2 Rc6 29. Bg3 Rac8 30. Rff2 Kg7 31. Bh4 Bc3 32. Rde2 Bd4 33. Rf4
Rxc2 34. Rxg4+ Kh7 35. Rxc2 Rxc2+ 36. Kf3 Bh8 37. Bd8 Rc3+ 38. Ke4 Rxb3 39.
Rh4+ Kg8 40. Rg4+ Kh7 41. Rh4+ Kg8 42. Rg4+ Kf8 43. Bxa5 Rb2 44. Kd5 Bc3 45.
Kc5 Rxh2 46. Bxb4 Bxb4+ 47. Rxb4 Rf2 48. Rb6 Rxf5+ 49. Kd4 Kg7 50. Ke3 f6 51.
Rb4 Kg6 52. Rf4 Ra5 53. Kf2 1/2-1/2

[Event "ChBLR2012m"]
[Site "?"]
[Date "2012.01.16"]
[Round "5.5"]
[White "Kocheev, Alexandr"]
[Black "Fedorov, Alexei"]
[Result "1/2-1/2"]
[WhiteElo "2353"]
[BlackElo "2579"]
[PlyCount "90"]
[EventDate "2012.01.13"]
[SourceDate "2012.01.13"]

1. e4 c5 2. c3 d6 3. d4 Nf6 4. Bd3 Qc7 5. Nf3 g6 6. h3 Nfd7 7. O-O Bg7 8. Bg5
h6 9. Bh4 g5 10. Bg3 Nc6 11. Na3 a6 12. Nc2 O-O 13. Ne3 cxd4 14. cxd4 Nb6 15.
Rc1 Qd8 16. Bb1 e5 17. Qb3 exd4 18. Nd5 Nxd5 19. exd5 Ne7 20. Rfe1 a5 21. Qc4
Bf5 22. Nxd4 Rc8 23. Qa4 Bxb1 24. Rxb1 Rc5 25. Rbd1 Bxd4 26. Qxd4 Nf5 27. Qd3
Qf6 28. Qf3 Kg7 29. Bh2 Rd8 30. Re2 b5 31. Qd3 Ne7 32. Qe4 Ng6 33. Bg3 Rc4 34.
Qd3 Rdc8 35. b3 Rc1 36. Ree1 Rxd1 37. Rxd1 Rc5 38. Qd2 b4 39. Rc1 Rxc1+ 40.
Qxc1 Nf4 41. Bxf4 gxf4 42. a4 Qe5 43. Qd1 Kf6 44. h4 Qc3 45. Kh2 Qb2 1/2-1/2

[Event "ChBLR2012m"]
[Site "?"]
[Date "2012.01.16"]
[Round "5.6"]
[White "Zhigalko, Andrey"]
[Black "Bulanov, Dmitri"]
[Result "1-0"]
[WhiteElo "2576"]
[BlackElo "2387"]
[PlyCount "51"]
[EventDate "2012.01.13"]
[SourceDate "2012.01.13"]

1. e4 c5 2. Nf3 Nc6 3. Bb5 g6 4. Bxc6 dxc6 5. d3 Bg7 6. h3 e5 7. O-O Qe7 8. a3
Nf6 9. b4 Nd7 10. Nbd2 b6 11. bxc5 Nxc5 12. a4 Ne6 13. Nc4 Nd4 14. Nxd4 exd4
15. Bf4 Be6 16. Nd6+ Kd7 17. Re1 Qh4 18. Qd2 h6 19. a5 Qh5 20. e5 f6 21. exf6
Bxf6 22. Qb4 Qc5 23. Qxc5 bxc5 24. Rab1 Rhb8 25. Rxb8 Rxb8 26. Ne4 1-0

[Event "ChBLR2012m"]
[Site "?"]
[Date "2012.01.18"]
[Round "6.1"]
[White "Teterev, Vitaly"]
[Black "Bulanov, Dmitri"]
[Result "1/2-1/2"]
[WhiteElo "2538"]
[BlackElo "2387"]
[PlyCount "86"]
[EventDate "2012.01.13"]
[SourceDate "2012.01.13"]

1. Nf3 Nf6 2. g3 b6 3. Bg2 Bb7 4. O-O e6 5. d3 d5 6. Nbd2 c5 7. e4 Be7 8. Re1
Nc6 9. c3 Qc7 10. Nf1 O-O-O 11. Bf4 Qd7 12. e5 Ne8 13. a3 Nc7 14. h4 h6 15. Rb1
Rdg8 16. Qd2 Qd8 17. Qe2 Ba6 18. Bd2 Kb8 19. b4 Qd7 20. a4 Bb7 21. b5 Nd8 22.
c4 Re8 23. a5 f5 24. exf6 gxf6 25. axb6 axb6 26. h5 e5 27. Nh4 Nde6 28. Qg4
Rhg8 29. Ng6 Qd8 30. Bxh6 Nd4 31. Qd1 Qd7 32. Ne3 Bd8 33. Nc2 Nxc2 34. Qxc2 Qh7
35. Qc1 Ne6 36. cxd5 Nd4 37. Be3 Qxh5 38. Bxd4 Qxg6 39. Bc3 Qf7 40. Qa3 Bxd5
41. Be4 f5 42. Bxd5 Qxd5 43. Ra1 Bc7 1/2-1/2

[Event "ChBLR2012m"]
[Site "?"]
[Date "2012.01.18"]
[Round "6.2"]
[White "Fedorov, Alexei"]
[Black "Zhigalko, Andrey"]
[Result "1/2-1/2"]
[WhiteElo "2579"]
[BlackElo "2576"]
[PlyCount "30"]
[EventDate "2012.01.13"]
[SourceDate "2012.01.13"]

1. e4 c6 2. d3 d5 3. Nd2 e5 4. Ngf3 Bd6 5. g3 Nf6 6. Bg2 O-O 7. O-O Re8 8. b3
a5 9. a3 Bg4 10. h3 Bh5 11. Qe1 Nbd7 12. Nh4 Nc5 13. Bb2 Bf8 14. Bf3 Bxf3 15.
Nhxf3 Nfd7 1/2-1/2